1815 1683 1685 1914 1066 1967 1144 1074 1337 1518 1136 1490 1562 1655 1574 1035 1240 1600 1832 1395 1711 1936 1455 1074 1582 1695 1749 1661 1602 1813 1611 1566 1565 1777 1678 1294 1532 1244 1239 1779 1912 1539 1660 1973 1516 1438 1632 1979 1168 1594 1926 1235 1117 1445 1800 1178 1699 1372 1918 1619 1129 1561 1060 1959 1294 1075 1440 1679 1791 1915 1348 1302 1811 1404 1018 1162 1080 1909 1263 1370 1418 1778 1757 1416 1580 1138 1424 1975 1114 1963 1401 1279 1849 1623 1054 1670 1438 1331 1905 BCNSPRNW ULIB Ver.6.0+V

เปลี่ยนเป็นภาษาไทย

Change to English
 แสดงรายละเอียดบรรณานุกรม
  กลับหน้าหลัก

Brief Record : Get Marc (ISO 2709) : E-mail record : QR code < ปิดหน้าต่าง
LEADER : 00000nam 2200000uu 4500
001    13399113512
003     ULIB
008    110824s2552||||th 000 0 tha d
020    9786117057106
090    นว.^bน574ก
100 0  นิตย์ ระวี
245 00 กรุ่นไอพิศวาส/^cนิตย์ ระวี
250    พิมพ์ครั้งที่ 1
260    กรุงเทพฯ :^bSimpy Book,^c2552
300    268 หน้า
710 1  Simpy Book
945    ^p195^l0^i026024
995    ทศพร
999     ^aใช้งานได้ทุกระบบ
รายการนี้ยังไม่มีแท็ก
คุณยังไม่ได้ล็อกอิน คุณสามารถมีกิจกรรมร่วมกับเว็บไซต์ได้ แต่ต้องล็อกอินก่อน ::
  ล็อกอิน

รายการสื่อสารสนเทศ

ลำดับที่ ประเภท เลขเรียก/บาร์โค้ด สถานที่ สถานะ
1. นวนิยาย
นวนิยาย
นว. น574ก ฉ.1 
  Barcode: 026024
ห้องสมุดวิทยาเขตสวรรค์ประชารักษ์
►นวนิยาย
บนชั้น
  ขอยืม

BibComment


ยังไม่เคยถูกคอมเมนท์

คอมเมนท์ทรัพยากรรายการนี้
  คอมเมนท์: กรุ่นไอพิศวาส นิต..


 Copyright 2026. Bcnsprnw @Library